banner-ar

دليل عمل : (Record no. 61536)

MARC details
000 -الفاتح
حقل البيانات ثابتة الطول 01121nam a22002537a 4500
005 - وقت وتاريخ اخر تعامل مع التسجيلة
رقم الضبط 20240530110504.0
008 - عناصر البيانات ثابتة الطول - معلومات عامة
حقل البيانات ثابتة الطول 150920s2013 ua adekg b 000 0 ara d
017 ## - رقم الايداع القانونى
رقم الايداع القانونى 13228
المصدر ( الهيئة المختصة) مصر . دار الكتب المصرية
020 ## - الرقم الدولى المعيارى للكتب
الرقم الدولى المعيارى للكتاب 9789773684600
040 ## - مصدر الفهرسة
وكالة الفهرسة الأصلية EG-CaGPL
082 04 - رقم تصنيف ديوى العشرى
رقم الطبعة 21
رقم التصنيف 027.8/
رقم المادة أ د
100 0# - المدخل الرئيسى - إسم شخصى
الإسم الشخصى احمد محمد احمد الديب
245 10 - بيان العنوان
العنوان دليل عمل :
بقية العنوان الانشطة الثقافية - السجلات - الملفات - لاخصائى المكتبات المدرسية و مراكز مصادر التعلم /
بيان المسئوليه,etc احمد محمد احمد الديب
250 ## - بيان الطبعة
بيان الطبعة ط1
260 ## - PUBLICATION, DISTRIBUTION, ETC. (IMPRINT)
تاريخ النشر أو التوزيع 2013 .
300 ## - الوصف المادى
التعداد 211 ص :
تفاصيل ماديه اخرى للوعاء ايض ؛
أبعاد الوعاء 24 سم .
504 ## - تبصرة ببليوجرافية
تبصرة ببليوجرافية,الخ يشتمل على ارجاعات ببليوجرافية
650 04 - المدخل الاضافى بالموضوع-مصطلح موضوعى
مصطلح موضوعي المكتبات المدرسية
650 04 - المدخل الاضافى بالموضوع-مصطلح موضوعى
مصطلح موضوعي الخدمة المكتبية
650 04 - المدخل الاضافى بالموضوع-مصطلح موضوعى
مصطلح موضوعي المكتبات المدرسية
التقسيم الفرعي العام تنظيم و ادارة
650 04 - المدخل الاضافى بالموضوع-مصطلح موضوعى
مصطلح موضوعي المكتبات المدرسية
التقسيم الفرعي العام انشطة
650 04 - المدخل الاضافى بالموضوع-مصطلح موضوعى
مصطلح موضوعي المكتبات المدرسية
التقسيم الفرعي العام سجلات
942 ## - عناصر المدخل الإضافي( كوها)
مصدر التصنيف او مخطط الترفيف Dewey Decimal Classification
Koha [default] item type كتاب
260 ## - PUBLICATION, DISTRIBUTION, ETC. (IMPRINT)
-- الاسكندرية :
-- مؤسسة حورس الدولية ،
Holdings
حالة التراجع حالة الفقد حالة تلف ليس للاعارة المكان المؤقت الموقع الحالى تاريخ الاكتساب اجمالي اﻻعارات رقم الطلب الباركود تاريخ اخر مشاهدة تاريخ تفعيل السعر نوع وعاء كوها موقع الترفيف
        مكتبة القاهرة الكبرى مكتبة القاهرة الكبرى 10/01/2015   027.8/ أ د 160858 10/01/2015 10/01/2015 كتاب  
        مكتبة القاهرة الكبرى مكتبة القاهرة الكبرى 04/23/2018   027.8/ أ د 164543 04/23/2018 04/23/2018 كتاب القاعة الرئيسية
        مكتبة القاهرة الكبرى مكتبة القاهرة الكبرى 04/23/2018   027.8/ أ د 164545 04/23/2018 04/23/2018 كتاب  

Powered By

EGPV